[Event "Antalya-ch"]
[Site "Antalya"]
[Date "2014.11.22"]
[Round "6"]
[White "Reyhan, Toprak"]
[Black "Dogan, Mehmet Rustu"]
[Result "0-1"]
[WhiteElo "1428"]
[BlackElo "1693"]
[PlyCount "159"]
[EventDate "2014.11.15"]
[EventType "swiss"]
[EventRounds "7"]
[EventCountry "TUR"]
[SourceTitle "EXT 2016"]
[Source "ChessBase"]
[SourceDate "2015.10.08"]
[SourceVersion "1"]
[SourceVersionDate "2015.10.08"]
[SourceQuality "1"]

1. e4 c5 2. Nc3 Nc6 3. g3 d6 4. Bg2 Nf6 5. d3 Bg4 6. f3 Bh5 7. g4 Bg6 8. Be3 e5 9. Qd2 h6 10. h3 a6 11. f4 exf4 12. Bxf4 Ne5 13. Nf3 Nfd7 14. Nd5 Nxf3+ 15. Bxf3 Qh4+ 16. Qf2 Qxf2+ 17. Kxf2 Rc8 18. c3 Ne5 19. Be2 f6 20. Bxe5 fxe5 21. Bd1 Be7 22. h4 0-0+ 23. Kg3 Bd8 24. Bb3 Bf7 25. Rhf1 b5 26. Ne3 c4 27. dxc4 bxc4 28. Rxf7 Kxf7 29. Rf1+ Ke8 30. Ba4+ Ke7 31. Nd5+ Ke6 32. Rxf8 Bxh4+ 33. Kxh4 Rxf8 34. Kg3 Rb8 35. b3 cxb3 36. Bxb3 Kd7 37. c4 a5 38. Ba4+ Ke6 39. Bb5 Kf7 40. a4 Kg6 41. Ne7+ Kf7 42. Nf5 Rb6 43. Kh4 Kf6 44. Ne3 Rb8 45. Nf5 Rd8 46. Ne3 g6 47. Nd5+ Kg7 48. Ne3 Rf8 49. Kg3 Kf6 50. Kh4 h5 51. gxh5 Rh8 52. Ng4+ Kg7 53. h6+ Kh7 54. Kg5 Rc8 55. Nf6+ Kh8 56. Kxg6 Rd8 57. Bc6 Rc8 58. Bd5 Rb8 59. Ng8 Rb4 60. h7 Rb1 61. Nf6 Rg1+ 62. Kf7 Rg6 63. Ke7 Kg7 64. Bf7 Rh6 65. Bg8 Kh8 66. Nd7 Rh4 67. Nf8 Kg7 68. Ne6+ Kh8 69. Kf7 Rxe4 70. Nf8 Rf4+ 71. Ke8 Rf6 72. Ke7 Rh6 73. Kf7 e4 74. Ng6+ Rxg6 75. Kxg6 e3 76. c5 e2 77. cxd6 e1Q 78. d7 Qe7 79. d8Q Qxd8 80. Kf7 0-1